000 00648nam a2200229Ia 4500
008 160418s9999 xx 000 0 und d
020 _a978-971-821-274-5
050 _aFIL P 95
050 _b.C87 2012
100 _aCustodio, Emelita S.
245 _aSpeak well, get connected /
245 _cEmelia S. Custodio, Maria Fatima C. Nolasco, Roger S. Ambida.
260 _aMalabon City:
260 _bMutya Pub. House,
260 _c2012
300 _a237 pages :
300 _billustrations ;
300 _c25 cm.
500 _aIncludes bibliographical references.
650 _aCommunication arts.
650 _xOral communication.
999 _c293496
_d293496